Arms control and international security / (Record no. 9301)
[ view plain ]
| 000 -LEADER | |
|---|---|
| fixed length control field | 01356cam a2200373 a 4500 |
| 001 - CONTROL NUMBER | |
| JCCL Control Number | 9301 |
| 003 - CONTROL NUMBER IDENTIFIER | |
| JCCL marc code | BD-JhCC |
| 005 - DATE AND TIME OF LATEST TRANSACTION | |
| control field | 20180312190556.0 |
| 008 - FIXED-LENGTH DATA ELEMENTS--GENERAL INFORMATION | |
| fixed length control field | 830817s1984 cou b 101 0 eng |
| 020 ## - INTERNATIONAL STANDARD BOOK NUMBER | |
| International Standard Book Number | 0865316627 : |
| Terms of availability | $18.00 (est.) |
| 020 ## - INTERNATIONAL STANDARD BOOK NUMBER | |
| International Standard Book Number | 0865316635 (pbk.) : |
| Terms of availability | $8.95 (est.) |
| 035 ## - SYSTEM CONTROL NUMBER | |
| system control number | (BD-JhCC)9301 |
| 040 ## - CATALOGING SOURCE | |
| Original cataloging agency | DLC |
| Transcribing agency | DLC |
| Modifying agency | DLC |
| -- | OCoLC |
| -- | BD-JhCC |
| 041 ## - LANGUAGE CODE | |
| Language code of Book | eng |
| 050 00 - LIBRARY OF CONGRESS CALL NUMBER | |
| Classification number | JX1974 |
| Item number | .A768855 1984 |
| 082 00 - DEWEY DECIMAL CLASSIFICATION NUMBER | |
| Classification number | 327.1/74 |
| DDC Edition number | 19 |
| Author mark and Year | ARM 1984 |
| 245 00 - TITLE STATEMENT | |
| Title | Arms control and international security / |
| Statement of responsibility, etc | edited by Roman Kolkowicz and Neil Joeck. |
| 260 ## - PUBLICATION, DISTRIBUTION, ETC. (IMPRINT) | |
| Place of publication, distribution, etc | Boulder : |
| Name of publisher, distributor, etc | Westview Press, |
| Date of publication, distribution, etc | 1984. |
| 300 ## - PHYSICAL DESCRIPTION | |
| Pagination | xiii, 157 p. ; |
| Dimensions | 24 cm. |
| 440 #0 - | |
| Title | Westview special studies in international relations |
| 440 #0 - | |
| Title | Studies in international and strategic affairs series |
| 500 ## - GENERAL NOTE | |
| General note | Papers of the Conference on International Security and Arms Control. |
| 500 ## - GENERAL NOTE | |
| General note | Includes index. |
| 504 ## - BIBLIOGRAPHY, ETC. NOTE | |
| Bibliography, etc | Bibliography: p. 142-145. |
| 650 #0 - SUBJECT ADDED ENTRY--TOPICAL TERM | |
| Topical term or geographic name as entry element | Arms control. |
| 650 #0 - SUBJECT ADDED ENTRY--TOPICAL TERM | |
| Topical term or geographic name as entry element | Nuclear arms control. |
| 650 #0 - SUBJECT ADDED ENTRY--TOPICAL TERM | |
| Topical term or geographic name as entry element | Security, International. |
| 650 #0 - SUBJECT ADDED ENTRY--TOPICAL TERM | |
| Topical term or geographic name as entry element | Nuclear nonproliferation. |
| 700 1# - ADDED ENTRY--PERSONAL NAME | |
| Personal name | Kolkowicz, Roman. |
| 700 1# - ADDED ENTRY--PERSONAL NAME | |
| Personal name | Joeck, Neil. |
| 711 2# - ADDED ENTRY--MEETING NAME | |
| Meeting name or jurisdiction name as entry element | Conference on International Security and Arms Control |
| Date of meeting | (1983? : |
| Location of meeting | University of California at Los Angeles, Center for International and Strategic Affairs) |
| 942 ## - ADDED ENTRY ELEMENTS (KOHA) | |
| Source of classification or shelving scheme | Dewey Decimal Classification |
| Koha item type | Books |
| Source of classification or shelving scheme | Damaged status | Not for loan | Home library | Current library | Shelving location | Total Checkouts | Full call number | Barcode | Date last seen | Copy number | Koha item type |
|---|---|---|---|---|---|---|---|---|---|---|---|
| Dewey Decimal Classification | JCC Rouf Library | JCC Rouf Library | General Stacks | 327.1/74 ARM 1984 | 12390 | 03/12/2018 | C - 1 | Books |